|
|
|
|
| LEADER |
00958nab a2200253 i 4500 |
| 001 |
misc68495 |
| 005 |
20230202144231.0 |
| 008 |
220613s1972 hu o 0|| fre d |
| 022 |
|
|
|a 0001-6446
|
| 040 |
|
|
|a SZTE Miscellanea Repozitórium
|b hun
|
| 041 |
|
|
|a fre
|
| 041 |
|
|
|a mon
|
| 100 |
1 |
|
|a Ligeti Lajos
|
| 245 |
1 |
0 |
|a Une ancienne interpolation dans l'Altan tobči
|h [elektronikus dokumentum] /
|c Ligeti Lajos
|
| 260 |
|
|
|c 1972
|
| 300 |
|
|
|a [10] p.
|c 24 cm
|
| 490 |
0 |
|
|a Acta Orientalia Academiae Scientiarum Hungaricae;Acta Orientalia Academiae Scientiarum Hungaricae : a Magyar Tudományos Akadémia orientalisztikai közleményei
|
| 561 |
|
|
|a Németh Gyula hagyaték
|
| 591 |
|
|
|a LOA 2239;OA 3277a
|
| 650 |
|
4 |
|a Bölcsészettudományok
|
| 650 |
|
4 |
|a Történettudomány és régészet
|
| 650 |
|
4 |
|a Nyelvek és irodalom
|
| 695 |
|
|
|a Mongolok - 13. sz. - forrás
|
| 856 |
4 |
0 |
|u http://misc.bibl.u-szeged.hu/68495/1/3277a_oa_l66.pdf
|z Dokumentum-elérés
|